[Event "Louviers op 12th"]
[Site "Louviers"]
[Date "2009.06.01"]
[Round "6"]
[White "Rousselin, Marc"]
[Black "Perrusset, Barbara"]
[Result "0-1"]
[WhiteElo "1578"]
[BlackElo "1817"]
[PlyCount "76"]
[EventDate "2009.05.30"]
[EventType "swiss"]
[EventRounds "6"]
[EventCountry "FRA"]
[SourceTitle "EXT 2011"]
[Source "ChessBase"]
[SourceDate "2010.11.26"]
[SourceVersion "1"]
[SourceVersionDate "2010.11.26"]
[SourceQuality "1"]

1. e4 c5 2. Nf3 e6 3. d4 cxd4 4. Nxd4 Nc6 5. Nc3 Nf6 6. Be2 Bb4 7. Bf3 Ne5 8. 0-0 0-0 9. Bg5 a6 10. a3 Be7 11. Bxf6 Bxf6 12. Be2 b5 13. b4 Bb7 14. Kh1 Qc7 15. Qd2 Rac8 16. f4 Qxc3 17. Qxc3 Rxc3 18. fxe5 Bxe5 19. Nf3 Rxc2 20. Nxe5 Rxe2 21. Nxd7 Rc8 22. Nc5 Bxe4 23. Nxe4 Rxe4 24. Rfd1 Rec4 25. Kg1 Kf8 26. Kf1 Rc2 27. h3 Ke7 28. Kg1 Rb2 29. Rdc1 Rxc1+ 30. Rxc1 Rb3 31. Ra1 e5 32. Kf2 f5 33. g3 Ke6 34. h4 e4 35. Ra2 Ke5 36. Rc2 Rxa3 37. Rc5+ Kd4 38. Rxf5 Rf3+ 0-1

[Event "Louviers op 12th"]
[Site "Louviers"]
[Date "2009.05.30"]
[Round "2"]
[White "Boursier, Xavier"]
[Black "Rousselin, Marc"]
[Result "1/2-1/2"]
[WhiteElo "2018"]
[BlackElo "1578"]
[PlyCount "101"]
[EventDate "2009.05.30"]
[EventType "swiss"]
[EventRounds "6"]
[EventCountry "FRA"]
[SourceTitle "EXT 2011"]
[Source "ChessBase"]
[SourceDate "2010.11.26"]
[SourceVersion "1"]
[SourceVersionDate "2010.11.26"]
[SourceQuality "1"]

1. e4 c5 2. c3 d5 3. exd5 Qxd5 4. d4 Nc6 5. Nf3 Nf6 6. dxc5 Qxd1+ 7. Kxd1 Bg4 8. Be3 e5 9. b4 a5 10. Bb5 axb4 11. Bxc6+ bxc6 12. cxb4 Nd5 13. Bd2 Be7 14. Re1 0-0 15. a3 f5 16. Rxe5 Bf6 17. Rxd5 Bxa1 18. Rd6 Rfc8 19. h3 Bxf3+ 20. gxf3 Bb2 21. Kc2 Bf6 22. Bc3 Bxc3 23. Kxc3 Ra7 24. Kb3 Re7 25. Nc3 Re1 26. Kc4 Rh1 27. b5 cxb5+ 28. Kxb5 Rxh3 29. Rd3 Rh6 30. Nd5 Kf7 31. Nb6 Rc7 32. a4 Rhc6 33. Rc3 h5 34. Nd5 Rc8 35. Nf4 h4 36. a5 g5 37. Nd3 Ke6 38. a6 h3 39. a7 h2 40. Rc1 R6c7 41. Kb6 Rh7 42. Rh1 Kd5 43. Nb4+ Kc4 44. Na6 Ra8 45. Nc7 Rxa7 46. Kxa7 Rxc7+ 47. Kb6 Kd5 48. Rxh2 Rxc5 49. Rh5 Rc3 50. Rxg5 Rxf3 51. Rg2 1/2-1/2

[Event "Dieppe op 3rd"]
[Site "Dieppe"]
[Date "2002.07.28"]
[Round "1"]
[White "Rousselin, Marc"]
[Black "Prioul, Jean"]
[Result "1-0"]
[WhiteElo "1699"]
[BlackElo "1460"]
[PlyCount "44"]
[EventDate "2002.??.??"]
[EventType "swiss"]
[EventRounds "9"]
[EventCountry "FRA"]
[SourceTitle "EXT 2005"]
[Source "ChessBase"]
[SourceDate "2004.11.15"]
[SourceVersion "1"]
[SourceVersionDate "2004.11.15"]
[SourceQuality "1"]

1. e4 c5 2. Nf3 Nc6 3. d4 cxd4 4. Nxd4 e6 5. c4 Bc5 6. Be3 Qb6 7. Nxc6 Bxe3 8. fxe3 Qxb2 9. Qd4 Qc1+ 10. Kf2 Nf6 11. Ne5 Qc2+ 12. Kf3 0-0 13. Bd3 Qa4 14. Nc3 Qa5 15. c5 d6 16. cxd6 Nd7 17. Nxd7 Bxd7 18. e5 Rac8 19. Rhc1 Rc5 20. Qh4 f5 21. Ne2 Rxe5 22. Bc4 Qd2 1-0